000 00748nam a2200217 i 4500
001 90779
003 ES-MaACL
005 20250801153727.0
007 t|
008 050124s1968 sp ||||1| spa d
100 1 _aLeclercq, Jacques.
_971094
245 1 0 _a¿Matrimonio de amor, hoy? /
_cJacques Leclercq ; [traducción y adaptación de Enrique Melón Martínez].
260 _a[Bilbao] :
_bDesclée de Brouwer,
_c[1968]
300 _a156 p. ;
_c19 cm.
490 1 _aColección "Amor y Vida" ;
_v4
650 4 _aMatrimonio-
_xAspectos religiosos-
_xIglesia Católica.
_9165939
700 1 _aMelón Martínez, Enrique.
_980022
830 0 0 _aAmor y vida
_v4
_9187327
852 _aES-MaACL
_jC-51460
_bR.68467
999 _c90779
_d90779